Fluid mechanics for chemical engineers/ (Record no. 2510)

000 -LEADER
fixed length control field 00705nam a22002297a 4500
001 - CONTROL NUMBER
control field 2510
003 - CONTROL NUMBER IDENTIFIER
control field BD-DhUET
008 - FIXED-LENGTH DATA ELEMENTS--GENERAL INFORMATION
fixed length control field 140924b xxu||||| |||| 00| 0 eng d
020 ## - INTERNATIONAL STANDARD BOOK NUMBER
International Standard Book Number 0131482122
040 ## - CATALOGING SOURCE
Transcribing agency 0
Modifying agency BD-DhUET
082 ## - DEWEY DECIMAL CLASSIFICATION NUMBER
Classification number 660.28
Item number WIL/2006
100 ## - MAIN ENTRY--PERSONAL NAME
Personal name Wilkes, James O.
245 ## - TITLE STATEMENT
Title Fluid mechanics for chemical engineers/
Statement of responsibility, etc. by James O. Wilkes and Stacy G. Birmingham
250 ## - EDITION STATEMENT
Edition statement 2nd ed.
260 ## - PUBLICATION, DISTRIBUTION, ETC. (IMPRINT)
Place of publication, distribution, etc. New Jersey:
Name of publisher, distributor, etc. Prentice-Hall,
Date of publication, distribution, etc. 2006.
300 ## - PHYSICAL DESCRIPTION
Extent xvii,755p.
490 ## - SERIES STATEMENT
Series statement Prentice Hall PTR international series in the physical and chemical engineering sciences
500 ## - GENERAL NOTE
General note With microfluids and CFD
650 #0 - SUBJECT ADDED ENTRY--TOPICAL TERM
Topical term or geographic name as entry element Fluid dynamic
700 ## - ADDED ENTRY--PERSONAL NAME
Personal name Birmingham, Stacy G.
942 ## - ADDED ENTRY ELEMENTS (KOHA)
Koha item type General Book
Holdings
Date acquired Withdrawn status Not for loan Lost status Source of classification or shelving scheme Koha issues (times borrowed) Koha date last borrowed Sublocation or collection (holding branch) Koha normalized classification for sorting Damaged status Piece designation (barcode) Koha full call number Shelving location Price effective from Koha item type Location (home branch) Koha date last seen Copy number
2014-09-24    12019-07-09Central Library, BUET660_000000000000000_28WIL2006 112847660.28/WIL/2006Circulation section2014-09-24General BookCentral Library, BUET2019-07-151